00472pab a2200169 454500008004000000100001800040245003600058260000900094300001300103362000800116650002000124773001600144908000600160909001100166999001900177952010600196180718b2013 xxu||||| |||| 00| 0 eng d aGowda, Huchhe aAn appraisal of rural education c2013 ap.28-33. aSep aRural education aKurukshetra aN a101661 c101659d101659 00104070aIIPAbIIPAd2018-07-19hVolume no: 61, Issue no: 11pAR102121r2018-07-19w2018-07-19yAR